000 01069nji a22002897a 4500
005 2010091704094.0
006 a|||||r|||||00| 0
007 sd ammalaaahaa
008 100830t xxu||||| |||| 00| 0 eng d
028 _aECSD.2826
_bEMI
035 _aGR-03270
040 _aSED
_cSED
100 _917455
245 _aManna Dey /
_csung by Manna Dey; music by Ashok Patki
_h[sound recording] :
246 _aमन्ना डे /
260 _aDum Dum, India
_bEMI
_c1979
300 _a1 sound disc [Gramophone Recording]:
_banalog, 33 1/3 rpm
_c12.5 in. (LP)
_fGramophone Record
500 _aBrief Record
500 _aRecord labels : EMI, Red
505 _aSide-1 (Bhay bhanjana bandana sun hamari) (Basant Bahar) (Manna Dey) Side-2 (Sur na saje kya gaoon main) (Basant bahar) (Manna Dey)
600 _aDey, Manna
_920359
650 _aFilm Song
_zIndia
_91186
_xExcerpts
650 _aClassical Music
_920451
700 _aPatki, Ashok
_920452
942 _2ddc
_cGR
999 _c46375
_d46375